| 000 | 01199nam0a22003011 4500 | ||
|---|---|---|---|
| 001 | rc\2647593 | ||
| 005 | 20220217131032.0 | ||
| 035 | _a(NLR Aleph) 007201497 | ||
| 090 |
_a7633703 _c7633703 |
||
| 100 | _a20110609d1932 |||y0rusy50 ca | ||
| 101 | 1 |
_arus _ceng |
|
| 102 | _aRU | ||
| 105 | _aa z ||||| | ||
| 200 | 1 |
_aМеталлургия бронзы _fГ.К. Дьюс _gПер. с англ. инж.-метал. И.В. Гутмана _gПод ред. проф. М. П. Славинского _g[Предисл: Д. Дьюранс] ... |
|
| 210 |
_aМосква _aЛенинград _cЦветметиздат _d1932 _e[Москва] _gтип. "Красный печатник" |
||
| 215 |
_aОбл., 98, [2] с. _cил. _d23х15 см |
||
| 300 | _aНа обороте тит. л.: "H.C. Dews. The metallurgy of bronze" | ||
| 320 | _aБиблиогр.: с. "Литература" (31 назв.) | ||
| 700 | 1 |
_aДьюс _bГ. К. |
|
| 702 | 1 |
_aГутман _bИ. В. _4730 |
|
| 702 | 1 |
_aСлавинский _bМ. П. _4340 |
|
| 702 | 1 |
_aДьюранс _bД. _4080 |
|
| 801 | 0 |
_aRU _bNLR _gpsbo |
|
| 801 | 1 |
_aRU _bELAR _2rusmarc |
|
| 852 |
_aNLR _j33-11/865 |
||
| 942 | _cBOOK | ||
| 980 | _aNB | ||